Teatro y fascismo en España : el itinerario de Felipe Lluch /
Guardado en:
| Hovedforfatter: | |
|---|---|
| Format: | Bog |
| Sprog: | spansk |
| Udgivet: |
Madrid, España : Frankfurt, Alemania :
Editorial Iberoamericana ; Vervuert,
2010, c2010
|
| Serier: | (La Casa de la Riqueza. Estudios de Cultura de España ;
17) |
| Fag: | |
| Tags: |
Ingen Tags, Vær først til at tagge denne postø!
|
MARC
| LEADER | 00000nam^a2200000^a^4500 | ||
|---|---|---|---|
| 001 | 000373179 | ||
| 005 | 20250521000000.0 | ||
| 009 | 20260310120033.752 | ||
| 020 | |a 978-84-8489-514-5 | ||
| 020 | |a 978-3-86527-564-6 | ||
| 037 | |a Acervo ITESO - Biblioteca | ||
| 041 | |a ESP | ||
| 082 | |a 860. 94608 |b GAR | ||
| 100 | |a García Ruiz, Víctor |e (autor) | ||
| 245 | 1 | 0 | |a Teatro y fascismo en España : |b el itinerario de Felipe Lluch / |c V. García Ruiz. |
| 264 | 4 | |a Madrid, España : |b Editorial Iberoamericana ; |a Frankfurt, Alemania : |b Vervuert, |c 2010, c2010 | |
| 300 | |a 412 p. | ||
| 336 | |a texto |b txt |2 rdacontenido | ||
| 337 | |a sin mediación |b n |2 rdamedio | ||
| 338 | |a volumen |b nc |2 rdasoporte | ||
| 440 | 3 | |a (La Casa de la Riqueza. |p Estudios de Cultura de España ; |v 17) | |
| 649 | |a XX | ||
| 650 | |a Directores de Teatro Españoles | ||
| 650 | |a Escritores Españoles | ||
| 650 | |a Teatro Español - |x Historia y Crítica | ||
| 650 | |a Literatura Española - |x Historia y Crítica | ||
| 650 | |a Literatura Española - |y Siglo XX | ||
| 650 | |a Fascismo - |z España - |x Historia | ||
| 650 | |a España - |x Historia - |y Siglo XX | ||
| 650 | |a Lluch, Felipe - |x Tema Principal | ||
| 910 | |a Fondo General | ||
| 920 | |a Impresos - Libros | ||
| 930 | |a Colección General | ||
| 940 | |a Literatura | ||
| 905 | |a 101 | ||
| 901 | |a 0500267242 |b IT1 |c LIT |i C148149 |u 20250521 | ||
| 902 | |a https://opac.biblio.iteso.mx/vufind/Record/000373179 | ||